[Event "Lima Morales Memorial op 3rd"]
[Site "Lima"]
[Date "2013.??.??"]
[Round "1"]
[White "Vasquez, Cesar"]
[Black "Romero, Diego"]
[Result "0-1"]
[WhiteElo "1709"]
[BlackElo "2140"]
[PlyCount "80"]
[EventDate "2013.02.02"]
[EventType "swiss"]
[EventRounds "11"]
[EventCountry "PER"]
[SourceTitle "CBM 153 Extra"]
[Source "ChessBase"]
[SourceDate "2013.04.22"]
[SourceVersion "1"]
[SourceVersionDate "2013.04.22"]
[SourceQuality "1"]

1. e4 c5 2. Nf3 d6 3. d4 cxd4 4. Nxd4 Nf6 5. Nc3 g6 6. Be3 Bg7 7. Qd2 Nc6 8. f3 0-0 9. Bc4 Bd7 10. 0-0-0 Rc8 11. Bb3 a6 12. h4 h5 13. Rdg1 b5 14. Nxc6 Bxc6 15. Bh6 a5 16. Bxg7 Kxg7 17. g4 a4 18. Bd5 b4 19. Bxc6 bxc3 20. Qxc3 e5 21. Qc4 Qb6 22. Qxa4 Rxc6 23. gxh5 Nxh5 24. Kb1 Rfc8 25. Rc1 Qe3 26. Rhf1 Ng3 27. Rfe1 Qd2 28. Rcd1 Qxc2+ 29. Qxc2 Rxc2 30. Rg1 Ne2 31. Rge1 Nd4 32. f4 Nf3 33. Rh1 Nd2+ 34. Ka1 Rb8 35. b3 Ra8 36. a4 Rb8 37. Rh3 Nxb3+ 38. Kb1 Nd4+ 39. Ka1 Rbb2 40. Rdd3 Ra2+ 0-1

[Event "Santiago Endesa 13"]
[Site "Santiago de Chile"]
[Date "2007.11.??"]
[Round "1"]
[White "Romero, Diego"]
[Black "Larrain Cadaiz, Eugenio"]
[Result "1-0"]
[WhiteElo "2140"]
[BlackElo "2292"]
[PlyCount "65"]
[EventDate "2007.11.??"]
[EventType "tourn"]
[EventRounds "9"]
[EventCountry "CHI"]
[SourceTitle "EXT 2008"]
[Source "ChessBase"]
[SourceDate "2007.11.25"]
[SourceVersion "1"]
[SourceVersionDate "2007.11.25"]
[SourceQuality "1"]

1. e4 c5 2. Nf3 d6 3. d4 cxd4 4. Nxd4 Nf6 5. Nc3 g6 6. g3 Bg7 7. Bg2 0-0 8. 0-0 Nc6 9. Nde2 Bg4 10. Be3 Qd7 11. f3 Bh3 12. Nf4 Bxg2 13. Kxg2 Na5 14. Qe2 Rfc8 15. Rad1 Nc4 16. Bc1 Ne8 17. Rd3 b5 18. Nfd5 e6 19. Ne3 b4 20. Ncd1 Qb5 21. f4 Qa6 22. Rb3 Nxe3+ 23. Rxe3 Qxa2 24. f5 exf5 25. exf5 Qa4 26. fxg6 hxg6 27. c3 Bh6 28. Qf3 Qc2+ 29. Rf2 Qxc1 30. Qxf7+ Kh8 31. Qxg6 Rc7 32. Qxh6+ Rh7 33. Rf8# 1-0